Statystyki dla Każda reprezentacja która brała udział na mistrzostwach świata

Kliknij tutaj aby rozwiązać quiz!

Ogólne statystyki

  • Ten quiz został rozwiązany 226 razy
  • Średni wynik to 59 z 80

Statystyki odpowiedzi

Ilość WystępówOdpowiedź% Poprawnych
18Argentyna
98%
22Brazylia
98%
20Niemcy
98%
9Polska
98%
16Hiszpania
96%
16Francja
95%
11Stany Zjednoczone
95%
16Anglia
94%
11Rosja
93%
17Meksyk
92%
8Portugalia
91%
6Australia
90%
7Japonia
90%
11Korea Południowa
90%
12Szwecja
90%
14Urugwaj
90%
18Włochy
90%
1Ukraina
89%
9Czechy
88%
11Holandia
88%
14Belgia
87%
6Chorwacja
87%
2Kanada
87%
6Arabia Saudyjska
86%
1Słowacja
86%
1Chiny
85%
3Norwegia
85%
3Senegal
85%
7Austria
84%
13Serbia
84%
3Irlandia
83%
12Szwajcaria
83%
6Dania
81%
6Iran
81%
6Kolumbia
81%
6Maroko
81%
2Turcja
81%
3Egipt
80%
3Grecja
79%
3Republika Południowej Afryki
79%
9Chile
77%
2Korea Północna
77%
6Kostaryka
76%
7Rumunia
76%
2Słowenia
76%
2Walia
75%
4Ekwador
74%
5Peru
74%
9Węgry
74%
1Irak
73%
1Islandia
73%
1Katar
73%
8Szkocja
73%
6Tunezja
72%
2Nowa Zelandia
70%
4Algieria
69%
8Kamerun
68%
4Ghana
67%
6Nigeria
67%
8Paragwaj
66%
7Bułgaria
65%
3Boliwia
62%
1Panama
60%
3Wybrzeże Kości Słoniowej
59%
1Bośnia i Hercegowina
57%
3Honduras
57%
1Kuba
57%
1Demokratyczna Republika Konga
56%
1Izrael
56%
1Haiti
55%
3Irlandia Północna
54%
1Indonezja
49%
1Zjednoczone Emiraty Arabskie
49%
1Jamajka
47%
2Salwador
37%
1Angola
34%
1Togo
34%
1Trynidad I Tobago
29%
1Kuwejt
28%
1Niemiecka Republika Demokratyczna
24%

Rozkład punktacji

Percentyl według liczby udzielonych odpowiedzi

Procent ludzi z każdym wynikiem

Twoja historia wyników

Nie rozwiązałeś tego quizu